| 000 | 00398nam a2200169Ia 4500 | ||
|---|---|---|---|
| 001 | 865 | ||
| 003 | IN-NITTTR | ||
| 005 | 20251114232904.0 | ||
| 008 | 251113s9999||||xx |||||||||||||| ||eng|| | ||
| 040 | _beng | ||
| 040 | _cIN-NITTTR | ||
| 041 | _aeng | ||
| 082 | _a691 M553B | ||
| 100 | _aMerritt, Frederick S. | ||
| 245 | 0 |
_aBuilding construction handbook / _cMerritt, Frederick S. |
|
| 942 |
_2ddc _cBK |
||
| 999 |
_c695 _d695 |
||